| 000 | 00353nam a2200145Ia 4500 | ||
|---|---|---|---|
| 008 | 260223s2022 xx 000 0 und d | ||
| 020 | _a9789383290451 | ||
| 041 | _aeng | ||
| 082 | _a616.01/RAH | ||
| 100 | _aRahane Sanjay | ||
| 245 | _aTextbook Of Microbiology | ||
| 260 |
_aB.S.B. Pune _bPV, Pub _c2022 |
||
| 300 | _a166P | ||
| 650 | _aMicrobiology | ||
| 999 |
_c1216387 _d1216387 |
||